000 00530nmm a2200193Ia 4500
008 251105s9999||||xx |||||||||||||||||und||
020 _a9788415410843
041 _aspa
100 _aMoning, Karen Marie
245 0 _aBajo cero
264 _a[Madrid, España] :
_bTerciopelo,
_c2013
300 _a424 páginas
490 _aTerciopelo
650 _aScience fiction & Fantasy
700 _aMoning, Karen Marie
700 1 _a Surià, Scheherezade
856 _uhttps://public.digitaliapublishing.com/a/32431
942 _cCF
999 _c68957
_d68957